| 000 | 00529nam a2200193 a 4500 | ||
|---|---|---|---|
| 005 | 20210219153248.0 | ||
| 008 | 991125n 000 0 u | ||
| 035 | _aUPN01000086768 | ||
| 100 | _aDewitt, Robert C. | ||
| 222 | _aNASPA JOURNAL | ||
| 245 | _aManaging a student affairs team : it's a new ball game | ||
| 300 | _a185-188 | ||
| 362 | _a28, No. 2, 1991 | ||
| 505 | _aOctubre 1991 | ||
| 653 | 0 | _aEMPLEO DE ESTUDIANTES | |
| 653 | 0 | _aSERVICIOS PERSONALES A ESTUDIANTES | |
| 904 |
_aAC _b024579 |
||
| 905 | _aArticulo | ||
| 999 |
_c72417 _d72417 |
||